Essentials of WTO Law (Record no. 26788)
[ view plain ]
| 000 -LEADER | |
|---|---|
| fixed length control field | 01448 a2200181 4500 |
| 020 ## - INTERNATIONAL STANDARD BOOK NUMBER | |
| ISBN | 9781107638938 |
| 082 ## - DEWEY DECIMAL CLASSIFICATION NUMBER | |
| Classification number | 343.0870261 BOS-E |
| Item number | BOS-E |
| 100 ## - MAIN ENTRY--AUTHOR NAME | |
| Personal name | Bossche ,Peter Van Den |
| 100 ## - MAIN ENTRY--AUTHOR NAME | |
| Personal name | Prévost, Denise |
| 245 ## - TITLE STATEMENT | |
| Title | Essentials of WTO Law |
| 260 ## - PUBLICATION, DISTRIBUTION, ETC. (IMPRINT) | |
| Name of publisher | Cambridge University Press |
| Year of publication | 2016 |
| 300 ## - PHYSICAL DESCRIPTION | |
| Number of Pages | 348, pp. |
| 520 ## - SUMMARY, ETC. | |
| Summary, etc | At a time when developments in WTO law have made this field increasingly complex, this concise and non-technical introduction provides a timely and carefully considered overview of the substantive rules and institutional arrangements of the WTO. A variety of text features enables a rich understanding of the law: illustrative examples clarify important issues of the law and demonstrate the law's practical application; boxed summaries of key rulings in WTO case law highlight the interpretation of the relevant provisions and lead readers to a deep understanding of the meaning and application of legal rules; and recommendations for further reading allow readers to engage with current debates. Online resources include links to useful sources of information for work and research within the field. Co-written by a leading authority in the field, this is essential reading for anyone who wants to get to grips with this fascinating yet challenging field of law. |
| 650 ## - SUBJECT ADDED ENTRY--TOPICAL TERM | |
| Topical Term | World Trade Organization |
| 650 ## - SUBJECT ADDED ENTRY--TOPICAL TERM | |
| Topical Term | Arbitration (International law) |
| 650 ## - SUBJECT ADDED ENTRY--TOPICAL TERM | |
| Topical Term | Foreign trade regulation |
| 942 ## - ADDED ENTRY ELEMENTS (KOHA) | |
| Source of classification or shelving scheme | Dewey Decimal Classification |
| Koha item type | Books |
| Withdrawn status | Lost status | Damaged status | Not for loan | Home library | Current library | Date acquired | Source of acquisition | Cost, normal purchase price | Bill Date | Full call number | Accession Number | Cost, replacement price | Price effective from | Koha item type |
|---|---|---|---|---|---|---|---|---|---|---|---|---|---|---|
| NASSDOC Library | NASSDOC Library | 13/04/2021 | Overseas Press India Private Limited | 1493.56 | 2021-03-08 | 343.0870261 BOS-E | 51506 | 2103.62 | 13/04/2021 | Books |
